[Event "Salzburg-Schleswig-Holstein"]
[Site "?"]
[Date "2008.02.12"]
[Round "2.1"]
[White "Opl, K."]
[Black "Lomer, E."]
[Result "1-0"]
[WhiteElo "2313"]
[BlackElo "2119"]
[PlyCount "119"]
[EventDate "2008.??.??"]

1. e4 d5 2. exd5 Qxd5 3. Nc3 Qa5 4. d4 c6 5. Nf3 Nf6 6. Bc4 Bg4 7. h3 Bxf3 8.
Qxf3 e6 9. Bd2 Bb4 10. O-O Nbd7 11. a3 Bxc3 12. Bxc3 Qc7 13. Rfe1 O-O 14. Rad1
Rfe8 15. g4 Rad8 16. Bd3 Qb6 17. b3 Nf8 18. h4 Nd5 19. Bd2 Rd7 20. h5 Qxd4 21.
c4 Qf6 22. Qg3 Nb6 23. Bc3 Qd8 24. g5 Nc8 25. h6 Ng6 26. hxg7 Nce7 27. Bf6 Qc7
28. Qxc7 Rxc7 29. Be4 Nc8 30. Bd8 Rce7 31. Bxe7 Ngxe7 32. Rd7 Kxg7 33. Red1 f5
34. gxf6+ Kxf6 35. Rxb7 h5 36. Rbd7 Rg8+ 37. Kf1 h4 38. Rd8 Rg5 39. Rh8 Rg4 40.
Bf3 Rf4 41. Ke2 Ke5 42. Rd7 a5 43. a4 h3 44. Rxh3 Nf5 45. Bxc6 Nd4+ 46. Rxd4
Kxd4 47. Bd7 Nd6 48. Rd3+ Ke5 49. Re3+ Re4 50. Bc6 Rxe3+ 51. fxe3 Nf5 52. c5
Ne7 53. Bf3 Nd5 54. Bxd5 Kxd5 55. Kd3 Kxc5 56. Kc3 e5 57. e4 Kd6 58. b4 axb4+
59. Kxb4 Kc6 60. Kc4 1-0

[Event "Salzburg-Schleswig-Holstein"]
[Site "?"]
[Date "2008.02.12"]
[Round "2.2"]
[White "Zimmermann, M."]
[Black "Weinwurm, W."]
[Result "0-1"]
[WhiteElo "1924"]
[BlackElo "2177"]
[PlyCount "80"]
[EventDate "2008.??.??"]

1. d4 Nf6 2. Nf3 g6 3. Bf4 c5 4. e3 Bg7 5. Nbd2 b6 6. Be2 Bb7 7. O-O O-O 8. h3
d6 9. Bh2 Nbd7 10. c3 Rc8 11. Qb3 Ne4 12. Nxe4 Bxe4 13. Ng5 Bb7 14. Bc4 Qe8 15.
d5 h6 16. Nf3 Nf6 17. Rad1 Rb8 18. a4 Bc8 19. Bb5 Bd7 20. c4 a6 21. Bxd7 Qxd7
22. Qc2 b5 23. axb5 axb5 24. b3 Ne8 25. e4 Nc7 26. e5 bxc4 27. bxc4 Rb4 28.
Rfe1 Ra8 29. Ra1 Rab8 30. Ra2 Ne8 31. Rea1 Qb7 32. g4 Rb3 33. Kg2 Qb4 34. Rc1
Ra3 35. Rxa3 Qxa3 36. Rb1 Rb4 37. Rc1 Rb3 38. Nd2 Rb2 39. Qd1 Bxe5 40. Ne4 Qe3
0-1

[Event "Salzburg-Schleswig-Holstein"]
[Site "?"]
[Date "2008.02.12"]
[Round "2.3"]
[White "Winiwarter, F."]
[Black "Gehrmann, R."]
[Result "1-0"]
[WhiteElo "2187"]
[BlackElo "1991"]
[PlyCount "81"]
[EventDate "2008.??.??"]

1. e4 c5 2. Nf3 d6 3. d4 cxd4 4. Nxd4 Nf6 5. Nc3 g6 6. Be2 Bg7 7. Be3 Nc6 8.
O-O O-O 9. Nb3 b6 10. f4 Bb7 11. Bf3 Nd7 12. Qd2 Nc5 13. Rad1 a5 14. Qf2 a4 15.
Nd4 Na5 16. b4 axb3 17. cxb3 Nc6 18. e5 Nxd4 19. Bxb7 Rb8 20. Bxd4 Rxb7 21.
exd6 Bxd4 22. Qxd4 exd6 23. Qxd6 Rd7 24. Qc6 Rd2 25. Nd5 Rxd1 26. Rxd1 Qa8 27.
Qxb6 Ne6 28. a4 Rb8 29. Qe3 Qa5 30. f5 Ng7 31. Qe5 Qa8 32. Rd3 Qa7+ 33. Qe3 Qa6
34. fxg6 hxg6 35. Qd4 Ne6 36. Nf6+ Kg7 37. Ne8+ Kf8 38. Qd6+ Qxd6 39. Nxd6 Nc5
40. Rf3 f5 41. Nxf5 1-0

[Event "Norwegen 1-Schottland"]
[Site "?"]
[Date "2008.02.12"]
[Round "2.1"]
[White "Hoen, R."]
[Black "Bonner, G."]
[Result "0-1"]
[WhiteElo "2284"]
[BlackElo "2225"]
[PlyCount "56"]
[EventDate "2008.??.??"]

1. e4 e6 2. d4 d5 3. Nc3 dxe4 4. Nxe4 Bd7 5. Nf3 Bc6 6. Bd3 Nd7 7. O-O Ngf6 8.
Qe2 Be7 9. c4 Bxe4 10. Bxe4 Nxe4 11. Qxe4 c6 12. Bd2 Nf6 13. Qe2 O-O 14. Bc3
Qc7 15. Rfe1 Rfe8 16. g3 h6 17. Rad1 c5 18. b3 cxd4 19. Nxd4 Rad8 20. Nb5 Qb6
21. Bd4 Bc5 22. Be5 Rxd1 23. Rxd1 Bxf2+ 24. Kg2 Qe3 25. Qxe3 Bxe3 26. Bxf6 gxf6
27. Rd7 Bc5 28. Rxb7 Rd8 0-1

[Event "Norwegen 1-Schottland"]
[Site "?"]
[Date "2008.02.12"]
[Round "2.2"]
[White "White, A."]
[Black "Gundersen, H."]
[Result "1/2-1/2"]
[WhiteElo "2045"]
[BlackElo "2254"]
[PlyCount "31"]
[EventDate "2008.??.??"]

1. e4 e6 2. d4 d5 3. Bd3 dxe4 4. Bxe4 Nf6 5. Bd3 c5 6. Nf3 Nc6 7. dxc5 Bxc5 8.
O-O O-O 9. Bg5 Nb4 10. Be2 Qxd1 11. Bxd1 Ne4 12. Bh4 b6 13. c3 Nd5 14. Bc2 Nef6
15. Nbd2 Bb7 16. Ne4 1/2-1/2

[Event "Norwegen 1-Schottland"]
[Site "?"]
[Date "2008.02.12"]
[Round "2.3"]
[White "Nordby, B."]
[Black "Borwell, A."]
[Result "1/2-1/2"]
[WhiteElo "2186"]
[BlackElo "1849"]
[PlyCount "74"]
[EventDate "2008.??.??"]

1. d4 Nf6 2. c4 e6 3. Nf3 b6 4. e3 Bb7 5. Bd3 Bb4+ 6. Nbd2 O-O 7. O-O Bxd2 8.
Nxd2 d6 9. b3 Nbd7 10. Bb2 e5 11. d5 Nc5 12. Bc2 a5 13. a3 Qe7 14. e4 Bc8 15.
Qe2 Bg4 16. f3 Bh5 17. b4 Ncd7 18. Ba4 h6 19. Bc6 Ra7 20. Bc3 g5 21. g4 Bg6 22.
Qe3 a4 23. h4 Nb8 24. hxg5 hxg5 25. Bb5 Nh7 26. Kg2 f6 27. Rh1 Rf7 28. Rh6 Nf8
29. Rah1 Rh7 30. Nf1 Rxh6 31. Rxh6 Qg7 32. Rh1 Bh7 33. c5 bxc5 34. bxc5 Ng6 35.
cxd6 Nf4+ 36. Kf2 cxd6 37. Bb4 Qc7 1/2-1/2

[Event "Norwegen 1-Schottland"]
[Site "?"]
[Date "2008.02.12"]
[Round "2.4"]
[White "Macgilchrist, S."]
[Black "Ofstad, P."]
[Result "0-1"]
[WhiteElo "1821"]
[BlackElo "2155"]
[PlyCount "120"]
[EventDate "2008.??.??"]

1. e4 c6 2. d4 d5 3. exd5 cxd5 4. Bd3 Nc6 5. c3 Nf6 6. Bf4 g6 7. Nd2 Bg7 8.
Ngf3 Nh5 9. Be3 O-O 10. h3 Qd6 11. O-O Nf4 12. Bxf4 Qxf4 13. Qe2 Bd7 14. Qe3
Qd6 15. Rfe1 Rae8 16. Ne5 f6 17. Nxd7 Qxd7 18. Qe6+ Qxe6 19. Rxe6 Kf7 20. Rae1
Ne5 21. dxe5 Kxe6 22. exf6+ Kxf6 23. Nf3 e5 24. Bb5 Re7 25. Rd1 Rd8 26. Ba4 Bh6
27. Kf1 Re6 28. Bb3 Red6 29. Re1 e4 30. Nd4 a6 31. Rd1 Bf4 32. Nc2 Be5 33. Nd4
Bxd4 34. Rxd4 Ke5 35. Ke1 Rf8 36. Rd2 d4 37. cxd4+ Rxd4 38. Rc2 Kd6 39. Rc3 Rd3
40. Rc4 e3 41. f3 Rd2 42. Rc2 Rxc2 43. Bxc2 Ke5 44. Ke2 Kd4 45. a3 Rc8 46. Be4
Rc1 47. b4 Ra1 48. Bxb7 Rxa3 49. f4 Ra2+ 50. Kf3 Rf2+ 51. Kg3 Rxf4 52. Bxa6 Ke5
53. Be2 Rxb4 54. Kf3 Kd4 55. g4 g5 56. Kg2 Kc3 57. Kf1 Kd2 58. Ba6 Rf4+ 59. Kg2
e2 60. Bxe2 Kxe2 0-1

[Event "Bahn-Sozialwerk 1-England D"]
[Site "?"]
[Date "2008.02.12"]
[Round "2.1"]
[White "Weiß, W."]
[Black "Wilson, P."]
[Result "1-0"]
[WhiteElo "2227"]
[BlackElo "1989"]
[PlyCount "61"]
[EventDate "2008.??.??"]

1. e4 b6 2. Nf3 e6 3. g3 Bb7 4. d3 c5 5. Bg2 Nc6 6. O-O d6 7. a4 Be7 8. Nbd2
Nf6 9. Re1 Nd7 10. Nf1 O-O 11. h4 h6 12. N1h2 Qc7 13. Bf4 e5 14. Be3 Nf6 15.
Nd2 Bc8 16. f4 Kh7 17. f5 g6 18. g4 gxf5 19. exf5 Bb7 20. g5 Ng8 21. f6 Bd8 22.
Be4+ Kh8 23. Qh5 Nd4 24. Ng4 Bxe4 25. dxe4 Ne6 26. Nxh6 Nxh6 27. Qxh6+ Kg8 28.
c4 Qb7 29. Kh2 Qa6 30. Rg1 Qa5 31. g6 1-0

[Event "Bahn-Sozialwerk 1-England D"]
[Site "?"]
[Date "2008.02.12"]
[Round "2.3"]
[White "Schäfer, G."]
[Black "Norman, D."]
[Result "1/2-1/2"]
[WhiteElo "1984"]
[BlackElo "1971"]
[PlyCount "78"]
[EventDate "2008.??.??"]

1. e4 c6 2. d3 d5 3. Nd2 e5 4. Ngf3 Bg4 5. h3 Bxf3 6. Qxf3 Nf6 7. g3 Bd6 8. Bg2
O-O 9. O-O dxe4 10. dxe4 Qe7 11. Nc4 Bc7 12. Bg5 Nbd7 13. Ne3 Qe6 14. Nf5 h6
15. Be3 Bb6 16. Rfe1 Bxe3 17. Qxe3 Rfd8 18. b3 Nf8 19. Rad1 b6 20. Bf1 Rd7 21.
Bc4 Qe8 22. Qf3 N8h7 23. Rxd7 Qxd7 24. h4 Rd8 25. Be2 Qc7 26. Rd1 b5 27. Rxd8+
Qxd8 28. Qd3 Qxd3 29. Bxd3 Kf8 30. b4 Nd7 31. c4 a6 32. f3 Nhf6 33. c5 Ne8 34.
Bc2 Nc7 35. Bb3 f6 36. Kf2 Nb8 37. Ne3 Ke7 38. Nf5+ Kf8 39. Ne3 Ke7 1/2-1/2

[Event "Bahn-Sozialwerk 1-England D"]
[Site "?"]
[Date "2008.02.12"]
[Round "2.4"]
[White "Wood, P."]
[Black "Neubert, G."]
[Result "1/2-1/2"]
[WhiteElo "1942"]
[BlackElo "1835"]
[PlyCount "59"]
[EventDate "2008.??.??"]

1. d4 d5 2. c4 c6 3. Nf3 e6 4. Nc3 f5 5. Bf4 Nf6 6. e3 Be7 7. Bxb8 Rxb8 8. Ne5
O-O 9. Be2 Nd7 10. Nxd7 Bxd7 11. f4 Kh8 12. c5 b6 13. b4 bxc5 14. bxc5 Qa5 15.
Qc2 Qa3 16. Kf2 Rb4 17. Rhb1 Rfb8 18. Rxb4 Rxb4 19. Rb1 Kg8 20. Rxb4 Qxb4 21.
Qb3 Qxb3 22. axb3 Kf8 23. Ba6 Ke8 24. b4 Kd8 25. Nb1 Be8 26. Bd3 Kc7 27. Nd2
Bd7 28. Nf3 Be8 29. Bc2 h6 30. Ba4 1/2-1/2

[Event "Bremen-BSW Lok Dresden"]
[Site "?"]
[Date "2008.02.12"]
[Round "2.1"]
[White "Gerhardt, P-M."]
[Black "Meier, W."]
[Result "1/2-1/2"]
[WhiteElo "2112"]
[BlackElo "2207"]
[PlyCount "21"]
[EventDate "2008.??.??"]

1. d4 Nf6 2. c4 g6 3. Nc3 d5 4. Bf4 Bg7 5. e3 O-O 6. Nf3 c5 7. dxc5 Qa5 8. Be2
dxc4 9. O-O Qxc5 10. Qa4 Nc6 11. Qxc4 1/2-1/2

[Event "Bremen-BSW Lok Dresden"]
[Site "?"]
[Date "2008.02.12"]
[Round "2.2"]
[White "Goldberg, V."]
[Black "Keller, H."]
[Result "0-1"]
[WhiteElo "2106"]
[BlackElo "1924"]
[PlyCount "59"]
[EventDate "2008.??.??"]

1. e4 c6 2. d4 d5 3. e5 Bf5 4. h4 Bd7 5. Bd3 c5 6. c3 e6 7. Ne2 Nc6 8. Nd2 Qb6
9. Nf3 cxd4 10. cxd4 Bb4+ 11. Kf1 f6 12. a3 fxe5 13. Bxh7 Nge7 14. Ng5 Bd6 15.
dxe5 Rf8 16. Nf3 Bc5 17. b4 Bxf2 18. Bb2 Nf5 19. Bxf5 Rxf5 20. Rh3 Ke7 21. g4
Rf7 22. Kg2 Be3 23. Qd3 Raf8 24. Re1 d4 25. Qe4 a5 26. Nexd4 Bxd4 27. Bxd4 Nxd4
28. Qxd4 Qxd4 29. Nxd4 Rf2+ 30. Kg1 0-1

[Event "Bremen-BSW Lok Dresden"]
[Site "?"]
[Date "2008.02.12"]
[Round "2.3"]
[White "Pundt, W."]
[Black "Eskandary, J."]
[Result "1/2-1/2"]
[WhiteElo "1930"]
[BlackElo "2102"]
[PlyCount "75"]
[EventDate "2008.??.??"]

1. e4 e5 2. Nf3 Nc6 3. Bb5 a6 4. Ba4 d6 5. d3 Nge7 6. O-O Bg4 7. c3 Ng6 8. h3
Bd7 9. Re1 Be7 10. Nbd2 O-O 11. Nf1 Kh8 12. Ng3 b5 13. Bc2 b4 14. Be3 Nh4 15.
Nxh4 Bxh4 16. Nf5 Bf6 17. Qf3 Rb8 18. Rad1 bxc3 19. bxc3 Be6 20. Ba4 Ne7 21.
Re2 c5 22. Nxe7 Bxe7 23. c4 Qb6 24. g4 Rfc8 25. Qg2 Qa5 26. Bb3 Bd7 27. f3 Qd8
28. Rb2 Rb7 29. Rdb1 Rcb8 30. Bd1 Qc8 31. Rxb7 Rxb7 32. Rxb7 Qxb7 33. Qc2 Bd8
34. Bd2 Kg8 35. Qb3 Qxb3 36. Bxb3 h6 37. Kg2 Kf8 38. Kg3 1/2-1/2

[Event "Norwegen 2-Sachsen 2"]
[Site "?"]
[Date "2008.02.12"]
[Round "2.1"]
[White "Ulrichsen, J-H."]
[Black "Schröter, H."]
[Result "1-0"]
[WhiteElo "2221"]
[BlackElo "2072"]
[PlyCount "41"]
[EventDate "2008.??.??"]

1. d4 Nf6 2. Nf3 e6 3. Bg5 Be7 4. Nbd2 d5 5. e3 Nbd7 6. Bd3 O-O 7. O-O c5 8. c3
h6 9. Bh4 b6 10. Ne5 Nxe5 11. dxe5 Nd7 12. Bxe7 Qxe7 13. f4 Bb7 14. Qh5 Rfd8
15. Nf3 Nf8 16. Rad1 a5 17. Rf2 Bc6 18. g4 f6 19. exf6 Qxf6 20. g5 Qf7 21.
Qxf7+ 1-0

[Event "Norwegen 2-Sachsen 2"]
[Site "?"]
[Date "2008.02.12"]
[Round "2.2"]
[White "Winter, K."]
[Black "Taksrud, V."]
[Result "0-1"]
[WhiteElo "2048"]
[BlackElo "2164"]
[PlyCount "68"]
[EventDate "2008.??.??"]

1. c4 e5 2. Nc3 Nf6 3. Nf3 Nc6 4. g3 Bb4 5. Nd5 d6 6. Nxb4 Nxb4 7. Qa4+ Nc6 8.
Bg2 O-O 9. O-O e4 10. Ng5 Re8 11. d3 Nd4 12. Nxe4 Nxe2+ 13. Kh1 Nxe4 14. dxe4
Bd7 15. Qd1 Nxc1 16. Rxc1 Bc6 17. Qd4 a5 18. Rfe1 Re6 19. Kg1 Qe7 20. Re3 Re8
21. Rce1 b6 22. b3 Ba8 23. Bh3 Re5 24. Bf5 c5 25. Qd3 Qb7 26. f3 g6 27. Bh3 Qe7
28. Kf2 Qf8 29. Bg2 f5 30. exf5 gxf5 31. Rxe5 dxe5 32. Rd1 e4 33. Qd6 e3+ 34.
Kg1 Qxd6 0-1

[Event "Norwegen 2-Sachsen 2"]
[Site "?"]
[Date "2008.02.12"]
[Round "2.4"]
[White "Seibt, M."]
[Black "Bjorgvik, J."]
[Result "1/2-1/2"]
[WhiteElo "1975"]
[BlackElo "2021"]
[PlyCount "98"]
[EventDate "2008.??.??"]

1. d4 d5 2. c4 e6 3. Nc3 Nf6 4. Bg5 Be7 5. e3 c6 6. Nf3 dxc4 7. Bxc4 Nd5 8.
Bxe7 Qxe7 9. O-O Nxc3 10. bxc3 O-O 11. Qc2 Nd7 12. Bd3 g6 13. e4 b6 14. c4 Bb7
15. Rfe1 e5 16. d5 Rfc8 17. Qd2 Kg7 18. Rad1 c5 19. Qb2 Qd6 20. Rf1 f6 21. Nd2
Rf8 22. Nb1 Rfb8 23. Nc3 a6 24. Qe2 Bc8 25. a4 Ra7 26. Rb1 Rab7 27. g3 Nf8 28.
f4 h5 29. f5 Nh7 30. h4 Bd7 31. g4 hxg4 32. Qxg4 g5 33. Kf2 Rg8 34. Rg1 Kf8 35.
Qh5 Rg7 36. Qh6 Kg8 37. Rg2 a5 38. Rbg1 Qf8 39. Be2 Be8 40. Bh5 Bxh5 41. Qxh5
gxh4 42. Rxg7+ Rxg7 43. Rxg7+ Qxg7 44. Qxh4 Nf8 45. Qg3 Qxg3+ 46. Kxg3 Kg7 47.
Kg4 Nd7 48. Kh5 Kh7 49. Nb5 Kg7 1/2-1/2

[Event "Bahn-Sozialwerk 2-Türkei"]
[Site "?"]
[Date "2008.02.12"]
[Round "2.1"]
[White "Hollstein, J."]
[Black "Pekun, C."]
[Result "0-1"]
[WhiteElo "1980"]
[BlackElo "2111"]
[PlyCount "84"]
[EventDate "2008.??.??"]

1. d4 Nf6 2. Nf3 c5 3. e3 g6 4. Nbd2 d6 5. Bd3 Bg7 6. c3 O-O 7. Qc2 Nc6 8. e4
Bd7 9. d5 Nb8 10. O-O b5 11. a4 bxa4 12. Re1 Qc7 13. Qd1 Rc8 14. Bc2 c4 15.
Bxa4 a5 16. Nd4 Ng4 17. f4 Nf6 18. h3 Nh5 19. N2f3 Na6 20. Qe2 Nc5 21. Bxd7
Nxd7 22. Nc6 Nb6 23. Be3 e6 24. Qf2 exd5 25. Nxa5 Rab8 26. g4 dxe4 27. Nd2 Nf6
28. Bxb6 Rxb6 29. Naxc4 Rb7 30. Ra6 Rd8 31. Rea1 d5 32. Nb6 Bf8 33. Na4 Nd7 34.
b4 Bg7 35. Ra3 Re8 36. Nf1 g5 37. Ne3 gxf4 38. Nxd5 e3 39. Qe1 Qe5 40. c4 Qd4
41. Rd6 e2+ 42. Kg2 Qe4+ 0-1

[Event "Bahn-Sozialwerk 2-Türkei"]
[Site "?"]
[Date "2008.02.12"]
[Round "2.2"]
[White "Muratoglu, S."]
[Black "Ehlert, J."]
[Result "1/2-1/2"]
[WhiteElo "2070"]
[BlackElo "2053"]
[PlyCount "116"]
[EventDate "2008.??.??"]

1. d4 Nf6 2. c4 g6 3. Nc3 Bg7 4. e4 O-O 5. Bg5 d6 6. Nf3 c6 7. Be2 Nbd7 8. O-O
h6 9. Bf4 Nh5 10. Be3 Nhf6 11. h3 a6 12. Qd2 Kh7 13. Rad1 b5 14. a3 Rb8 15. b4
a5 16. e5 axb4 17. axb4 Ng8 18. cxb5 cxb5 19. exd6 exd6 20. Bf4 Ndf6 21. Bxb5
Nd5 22. Nxd5 Rxb5 23. Ne3 Bb7 24. Nc4 Bxf3 25. gxf3 Rd5 26. Be3 Qh4 27. Kg2 Rb8
28. Rg1 Ne7 29. Na3 Nf5 30. Nc2 Nxe3+ 31. fxe3 Rh5 32. Rh1 Rg5+ 33. Kf1 Rc8 34.
Ne1 Rb5 35. Nd3 Qh5 36. Kf2 Bf6 37. Rc1 Re8 38. Rc7 Kg7 39. Nf4 Qh4+ 40. Kf1
Qg3 41. Qg2 Qxg2+ 42. Nxg2 Rxb4 43. Kf2 Rb2+ 44. Kg3 g5 45. Ra1 h5 46. h4 gxh4+
47. Kh3 Rf2 48. Raa7 Rxf3+ 49. Kh2 Rf8 50. Rd7 Bg5 51. Ra5 Bxe3 52. Nxh4 Bf4+
53. Kg2 Rg3+ 54. Kf2 Rb3 55. Nf5+ Kf6 56. Nxd6 Ke6 57. Rb7 Rxb7 58. Nxb7 h4
1/2-1/2

[Event "Bahn-Sozialwerk 2-Türkei"]
[Site "?"]
[Date "2008.02.12"]
[Round "2.3"]
[White "Kalmutzki, M."]
[Black "Ozbilen, M."]
[Result "0-1"]
[WhiteElo "2005"]
[BlackElo "2087"]
[PlyCount "126"]
[EventDate "2008.??.??"]

1. d4 Nf6 2. c4 c5 3. d5 b5 4. b3 bxc4 5. bxc4 g6 6. Bb2 Bg7 7. Qc2 d6 8. f3
O-O 9. e4 Na6 10. a3 Rb8 11. Bc3 e6 12. Bd3 exd5 13. cxd5 c4 14. Bxc4 Qc7 15.
Nd2 Nc5 16. Ne2 Bd7 17. O-O Rfc8 18. Bd4 Nb3 19. Bxb3 Qxc2 20. Bxc2 Rxc2 21.
Rfd1 Rbc8 22. Rab1 Ra2 23. Ra1 Rac2 24. Rab1 a6 25. Nc1 Nxd5 26. Bxg7 Ne3 27.
Re1 Nxg2 28. Kxg2 Rxd2+ 29. Re2 Rxe2+ 30. Nxe2 Kxg7 31. Kg3 Rc2 32. Nd4 Rd2 33.
Nb3 Ra2 34. Na5 Rxa3 35. Nc4 Rd3 36. Rb6 Rc3 37. Nxd6 Rc6 38. Rxc6 Bxc6 39. Nc4
Bb5 40. Na5 Kf6 41. Kf4 h6 42. e5+ Ke6 43. Ke4 f6 44. exf6 Kxf6 45. f4 Bf1 46.
Kf3 Ke6 47. h4 h5 48. Nb3 Kd5 49. Ke3 Bb5 50. Nd4 Bd7 51. Nc2 a5 52. Na3 Kc5
53. Kd3 Kb4 54. Nc2+ Kb3 55. Nd4+ Kb2 56. Ke4 a4 57. f5 Bxf5+ 58. Nxf5 gxf5+
59. Kxf5 a3 60. Kg5 a2 61. Kxh5 a1=Q 62. Kh6 Qg1 63. Kh7 Qg4 0-1

[Event "Bahn-Sozialwerk 2-Türkei"]
[Site "?"]
[Date "2008.02.12"]
[Round "2.4"]
[White "Olgac, K."]
[Black "Warnke, E."]
[Result "1/2-1/2"]
[WhiteElo "2131"]
[BlackElo "1787"]
[PlyCount "40"]
[EventDate "2008.??.??"]

1. Nf3 d5 2. b3 Nf6 3. Bb2 e6 4. e3 Be7 5. d4 O-O 6. Bd3 b6 7. O-O Bb7 8. Nbd2
Nbd7 9. c4 c5 10. dxc5 Nxc5 11. Be2 Rc8 12. Rc1 Nce4 13. cxd5 Qxd5 14. Nxe4
Qxe4 15. Qd4 Qxd4 16. Nxd4 a6 17. f3 Nd5 18. Kf2 Rfd8 19. Bc4 Bc5 20. Rfd1 Nxe3
1/2-1/2

[Event "D.D. - Oranjeteam 1-Großröhrsdorf / BSW"]
[Site "?"]
[Date "2008.02.12"]
[Round "2.1"]
[White "van Geffen, B."]
[Black "Stavenhagen, J."]
[Result "1-0"]
[WhiteElo "2150"]
[BlackElo "2055"]
[PlyCount "77"]
[EventDate "2008.??.??"]

1. e4 d5 2. exd5 Qxd5 3. Nf3 Nf6 4. d4 Bg4 5. Be2 e6 6. O-O Nc6 7. h3 Bh5 8. c4
Qd7 9. Be3 Rd8 10. Nbd2 Bb4 11. Rc1 O-O 12. Nb3 Bg6 13. a3 Be7 14. Ne5 Nxe5 15.
dxe5 Qxd1 16. Rfxd1 Nd7 17. f4 b6 18. Nd4 Bc5 19. b4 Bxd4 20. Rxd4 Nb8 21. Rcd1
Rc8 22. c5 Bc2 23. R1d2 Bb3 24. Bf3 bxc5 25. bxc5 c6 26. Rd6 Bd5 27. Be2 f6 28.
Bd4 f5 29. Rb2 Rf7 30. Kf2 h6 31. Bh5 Rfc7 32. Be2 Kh7 33. Bc3 Rf7 34. h4 Re8
35. g3 Rc8 36. Ke3 Re8 37. h5 Ref8 38. Ba5 g6 39. Kd4 1-0

[Event "D.D. - Oranjeteam 1-Großröhrsdorf / BSW"]
[Site "?"]
[Date "2008.02.12"]
[Round "2.2"]
[White "Müller, S."]
[Black "Kool, G."]
[Result "0-1"]
[WhiteElo "2050"]
[BlackElo "2124"]
[PlyCount "86"]
[EventDate "2008.??.??"]

1. Nc3 e6 2. e4 d5 3. exd5 exd5 4. d4 Nf6 5. Bg5 Be7 6. Nf3 Bg4 7. h3 Bh5 8.
Be2 c6 9. Ne5 Bxe2 10. Qxe2 O-O 11. O-O Ne4 12. Bxe7 Nxc3 13. bxc3 Qxe7 14. Qd3
f6 15. Ng4 Nd7 16. Rfe1 Qf7 17. a4 Rfe8 18. Rxe8+ Rxe8 19. Ne3 Nb6 20. a5 Nc4
21. Nxc4 dxc4 22. Qg3 b5 23. axb6 axb6 24. Qd6 Qb7 25. Kf1 Kf7 26. Re1 Rxe1+
27. Kxe1 Qe7+ 28. Qxe7+ Kxe7 29. Ke2 Ke6 30. Ke3 Kd5 31. g4 g6 32. h4 b5 33. f4
f5 34. g5 c5 35. dxc5 Kxc5 36. Ke2 Kc6 37. Kd2 Kd5 38. Ke3 Kc5 39. Ke2 b4 40.
Kd2 Kb5 41. Kd1 bxc3 42. Ke2 Kb4 43. Kd1 Ka3 0-1

[Event "D.D. - Oranjeteam 1-Großröhrsdorf / BSW"]
[Site "?"]
[Date "2008.02.12"]
[Round "2.3"]
[White "Mostertman, L."]
[Black "Morgner, S."]
[Result "1-0"]
[WhiteElo "2051"]
[BlackElo "1921"]
[PlyCount "80"]
[EventDate "2008.??.??"]

1. e4 d6 2. d4 g6 3. c3 Bg7 4. Bc4 Nf6 5. f3 Nbd7 6. Ne2 c6 7. Bb3 Qc7 8. O-O
O-O 9. Be3 e5 10. Nd2 b6 11. h3 Bb7 12. f4 exf4 13. Nxf4 Rae8 14. Qf3 c5 15. d5
Ba6 16. Rf2 Ne5 17. Qg3 Ned7 18. Bc2 b5 19. Raf1 Ne5 20. Bb1 b4 21. Rc1 Rb8 22.
c4 Qe7 23. b3 Rbe8 24. Rcf1 Bc8 25. Qh2 a5 26. g4 Nexg4 27. hxg4 Nxg4 28. Qg3
Nxe3 29. Qxe3 Bd4 30. Qg3 Qe5 31. Kg2 Bxf2 32. Rxf2 Qb2 33. Bd3 Qg7 34. Nf3 f5
35. exf5 gxf5 36. Ng5 h6 37. Nge6 Qxg3+ 38. Kxg3 Rf6 39. Kh4 Bxe6 40. dxe6 Re7
1-0

[Event "D.D. - Oranjeteam 1-Großröhrsdorf / BSW"]
[Site "?"]
[Date "2008.02.12"]
[Round "2.4"]
[White "Zanger, K."]
[Black "Rost van Tonningen, O."]
[Result "0-1"]
[WhiteElo "1808"]
[BlackElo "2061"]
[PlyCount "61"]
[EventDate "2008.??.??"]

1. e4 d6 2. Nf3 Nf6 3. Nc3 Nbd7 4. Be2 e5 5. b3 c6 6. Bb2 Qc7 7. O-O Be7 8. d4
Nf8 9. Bd3 Ng6 10. d5 Bg4 11. h3 Bd7 12. Bc1 O-O 13. Bg5 Qd8 14. Bxf6 Bxf6 15.
dxc6 bxc6 16. Rb1 Be6 17. Ne2 Qd7 18. Kh2 d5 19. c3 Rad8 20. Qc2 Be7 21. exd5
cxd5 22. Bxg6 hxg6 23. Ng3 Qc7 24. Qd2 f5 25. Ng5 Bc8 26. h4 f4 27. Ne2 Bxg5
28. hxg5 Qe7 29. f3 Qxg5 30. Rh1 Qf5 31. Kg1 0-1

[Event "Norwegen 3-England C"]
[Site "?"]
[Date "2008.02.12"]
[Round "2.1"]
[White "Haug, K."]
[Black "Norman, K."]
[Result "0-1"]
[WhiteElo "1958"]
[BlackElo "2154"]
[PlyCount "56"]
[EventDate "2008.??.??"]

1. c4 c5 2. Nc3 Nf6 3. e4 Nc6 4. Nf3 g6 5. d3 Bg7 6. Be2 d6 7. O-O O-O 8. h3
Bd7 9. Rb1 a6 10. a3 Ne8 11. Bg5 h6 12. Bh4 g5 13. Bg3 a5 14. Nh2 e5 15. Nd5
Be6 16. Ne3 Nc7 17. Bh5 b5 18. f3 b4 19. Bf2 Ne7 20. Bg4 Qd7 21. Nd5 Rab8 22.
h4 f5 23. exf5 Nxf5 24. Nxc7 Qxc7 25. hxg5 hxg5 26. Qd2 Bf6 27. Bh3 Qd7 28. Ng4
Kg7 0-1

[Event "Norwegen 3-England C"]
[Site "?"]
[Date "2008.02.12"]
[Round "2.2"]
[White "Feavyour, J."]
[Black "Kverndal, L."]
[Result "1-0"]
[WhiteElo "2094"]
[BlackElo "1914"]
[PlyCount "101"]
[EventDate "2008.??.??"]

1. d4 Nf6 2. c4 e5 3. dxe5 Ng4 4. e4 Nxe5 5. f4 Bb4+ 6. Nc3 Nec6 7. Be3 O-O 8.
Bd3 d6 9. Nge2 Bg4 10. O-O Bxc3 11. bxc3 Na6 12. h3 Bxe2 13. Bxe2 Qe7 14. Bf3
Qe6 15. Qd5 Rfe8 16. Rab1 Qxd5 17. cxd5 Na5 18. Bd4 c5 19. Bf2 Rab8 20. Be2 Nc7
21. Bd3 c4 22. Bc2 b6 23. Rfe1 f6 24. Rbd1 Nb5 25. Re3 Na3 26. Rc1 Nb7 27. Re2
Nxc2 28. Rcxc2 Re7 29. Rc1 Rbe8 30. Rce1 Nc5 31. Bxc5 bxc5 32. Kf2 h5 33. Kf3
g5 34. g3 Kg7 35. Rb2 gxf4 36. gxf4 Kh6 37. Rg2 f5 38. Rge2 fxe4+ 39. Rxe4 Rxe4
40. Rxe4 Rxe4 41. Kxe4 Kg6 42. f5+ Kf6 43. Kf4 h4 44. Kg4 a5 45. a4 Ke5 46. Kg5
Kxd5 47. f6 Ke6 48. Kg6 d5 49. f7 d4 50. f8=Q d3 51. Qf7+ 1-0

[Event "Norwegen 3-England C"]
[Site "?"]
[Date "2008.02.12"]
[Round "2.3"]
[White "Nilsen, K."]
[Black "Macdonald-Ross, S."]
[Result "0-1"]
[WhiteElo "1947"]
[BlackElo "2053"]
[PlyCount "72"]
[EventDate "2008.??.??"]

1. e4 c5 2. Nf3 Nc6 3. d4 cxd4 4. Nxd4 Nf6 5. Nc3 d6 6. Be2 e5 7. Nb3 Be7 8.
Be3 O-O 9. Qd2 a5 10. Rd1 Be6 11. f3 a4 12. Nc1 Qa5 13. Nb5 d5 14. Qxa5 Rxa5
15. Bd2 Nb4 16. O-O Raa8 17. Bxb4 Bxb4 18. Nd3 Ba5 19. Nxe5 dxe4 20. fxe4 Bb6+
21. Nd4 Rfd8 22. c3 Bxa2 23. Bf3 Bb3 24. Rd2 Nd7 25. Nd3 Bc4 26. Kh1 Ne5 27.
Be2 a3 28. bxa3 Rxa3 29. Nf4 Rc8 30. Bxc4 Rxc4 31. Nb5 Rb3 32. Ra1 g6 33. Na3
Ra4 34. Nd3 Rbxa3 35. Re1 Rxc3 36. Rf2 Rxd3 0-1

[Event "Norwegen 3-England C"]
[Site "?"]
[Date "2008.02.12"]
[Round "2.4"]
[White "Pemberton, C H."]
[Black "Ovesen, K."]
[Result "1/2-1/2"]
[WhiteElo "1910"]
[BlackElo "1937"]
[PlyCount "46"]
[EventDate "2008.??.??"]

1. e4 c6 2. Nf3 d5 3. exd5 cxd5 4. d4 Bf5 5. Bf4 Nf6 6. c4 e6 7. Nc3 Bd6 8.
Bxd6 Qxd6 9. c5 Qd8 10. Bb5+ Nbd7 11. O-O O-O 12. Nh4 Be4 13. f3 Bg6 14. Nxg6
hxg6 15. Ba4 a6 16. b4 Nb8 17. Bb3 Nc6 18. a3 Qc7 19. Qd2 b5 20. a4 Qb7 21.
Rfc1 Rfc8 22. axb5 axb5 23. Na2 Ra3 1/2-1/2

[Event "Schweden 2-Rotation Dresden"]
[Site "?"]
[Date "2008.02.12"]
[Round "2.1"]
[White "Ahman, L."]
[Black "Appelt, G."]
[Result "1-0"]
[WhiteElo "2097"]
[BlackElo "2046"]
[PlyCount "75"]
[EventDate "2008.??.??"]

1. e4 e5 2. Nf3 Nc6 3. Bc4 Nf6 4. d3 Be7 5. O-O d6 6. Bb3 Bg4 7. c3 O-O 8. Nbd2
Nd7 9. Re1 Nc5 10. Bc2 Ne6 11. h3 Bxf3 12. Nxf3 Ng5 13. Nh2 Ne6 14. Qf3 Bg5 15.
Be3 Qe7 16. Rad1 g6 17. d4 Ng7 18. Ng4 f6 19. Qe2 Nh5 20. g3 Kg7 21. h4 Bxe3
22. Nxe3 Kh8 23. a3 a6 24. b4 Qd7 25. Kh2 Ne7 26. Nc4 b5 27. Ne3 Rae8 28. c4
exd4 29. Rxd4 Nc6 30. Rd5 bxc4 31. Nxc4 Ne5 32. Ne3 f5 33. exf5 Nf6 34. Rd4
gxf5 35. Bxf5 Qc6 36. Rf4 Nd5 37. Qh5 Nxf4 38. Qxh7# 1-0

[Event "Schweden 2-Rotation Dresden"]
[Site "?"]
[Date "2008.02.12"]
[Round "2.2"]
[White "Koksch, G."]
[Black "Gustavsson, S."]
[Result "1-0"]
[WhiteElo "2096"]
[BlackElo "2096"]
[PlyCount "77"]
[EventDate "2008.??.??"]

1. d4 Nf6 2. Nc3 d5 3. Bg5 e6 4. e4 dxe4 5. Nxe4 Be7 6. Bxf6 Bxf6 7. c3 b6 8.
Qf3 c6 9. Bd3 Be7 10. Ne2 Qc7 11. O-O-O a5 12. h4 Nd7 13. g4 Bb7 14. N2g3 a4
15. Nh5 O-O 16. Ng5 g6 17. Qe3 e5 18. Bc4 b5 19. Bxf7+ Rxf7 20. Nxf7 Kxf7 21.
Qh6 gxh5 22. Qxh7+ Ke8 23. Qxh5+ Kd8 24. dxe5 Kc8 25. f4 c5 26. Rhe1 a3 27. b3
c4 28. b4 Bf3 29. Rd4 Ra7 30. Re3 Bg2 31. g5 Bf1 32. Qe8+ Bd8 33. e6 Qb6 34.
exd7+ Kb8 35. Re6 Qc7 36. Rc6 Qxc6 37. Qxd8+ Kb7 38. Rd6 Ra8 39. Qxa8+ 1-0